| 000 | 00915na a2200289 4500 | ||
|---|---|---|---|
| 001 | 16961 | ||
| 003 | MIRAKIL | ||
| 005 | 20181213154832.0 | ||
| 008 | 161018b tu 000 0 | ||
| 020 | _a9944322393 | ||
| 040 |
_aMilas _btur _cTR-AnCHP |
||
| 041 | _atur | ||
| 082 |
_a342.561 _bO29a 2008 |
||
| 090 | _a342.561 O29a 2008 | ||
| 100 |
_aOdyakmaz, Zehra _d1949- |
||
| 245 |
_aAnayasa hukuku idare hukuku _cZehra Odyakmaz, Ümit Kaymak, İsmail Ercan |
||
| 250 | _a8. bs. | ||
| 260 |
_aİstanbul _bİkinci Sayfa _c2008 |
||
| 300 |
_axxx, 904 s. _btbl. _c19 sm. |
||
| 440 |
_aİkinci Sayfa _v137 |
||
| 490 |
_aSınavlara Hazırlık dizisi _v8 |
||
| 500 | _a2007 ve 2008 yılı Anayasa değişikliklerine ve son güncel mevzuata göre hazırlanmıştır. | ||
| 650 |
_aAnayasa ve idare hukuku _xDers kitapları _zTürkiye |
||
| 700 | _aErcan, İsmail | ||
| 700 | _aKaymak, Ümit | ||
| 942 |
_2ddc _cBKS |
||
| 999 |
_c1725 _d1725 |
||